000 00205 a2200097 4500
020 _a9789996431067
041 _aspa
100 _aMarcelo f Valle Fonrouge
245 _aCortazar en Solentiname
942 _cBK
999 _c13710
_d13710